000 00563cam a2200145 4500500
005 20260201164101.0
041 _afre
042 _adc
100 1 0 _aNaepels, Michel
_eauthor
245 0 0 _aBernard Juillerat, Penser l’imaginaire. Essais d’anthropologie psychanalytique. Lausanne, Éditions Payot-Lausanne, 2001, 309 p. (« Anthropologie »)
260 _c2002.
500 _a61
786 0 _nL'Homme | 164 | 4 | 2002-10-01 | p. 155o-205o | 0439-4216
856 4 1 _uhttps://shs.cairn.info/revue-l-homme-2002-4-page-155o?lang=fr&redirect-ssocas=7080
999 _c1643268
_d1643268